<?xml version="1.0" encoding="UTF-8"?><?xml-stylesheet type="text/xsl" href="static/style.xsl"?><OAI-PMH xmlns="http://www.openarchives.org/OAI/2.0/" xmlns:xsi="http://www.w3.org/2001/XMLSchema-instance" xsi:schemaLocation="http://www.openarchives.org/OAI/2.0/ http://www.openarchives.org/OAI/2.0/OAI-PMH.xsd"><responseDate>2026-04-30T05:16:14Z</responseDate><request verb="GetRecord" identifier="oai:uvadoc.uva.es:10324/14065" metadataPrefix="marc">https://uvadoc.uva.es/oai/request</request><GetRecord><record><header><identifier>oai:uvadoc.uva.es:10324/14065</identifier><datestamp>2021-06-29T11:00:02Z</datestamp><setSpec>com_10324_38</setSpec><setSpec>col_10324_852</setSpec></header><metadata><record xmlns="http://www.loc.gov/MARC21/slim" xmlns:doc="http://www.lyncode.com/xoai" xmlns:xsi="http://www.w3.org/2001/XMLSchema-instance" xmlns:dcterms="http://purl.org/dc/terms/" xsi:schemaLocation="http://www.loc.gov/MARC21/slim http://www.loc.gov/standards/marcxml/schema/MARC21slim.xsd">
<leader>00925njm 22002777a 4500</leader>
<datafield tag="042" ind1=" " ind2=" ">
<subfield code="a">dc</subfield>
</datafield>
<datafield tag="720" ind1=" " ind2=" ">
<subfield code="a">Pereda Lebaniegos, Elena</subfield>
<subfield code="e">author</subfield>
</datafield>
<datafield tag="260" ind1=" " ind2=" ">
<subfield code="c">2015</subfield>
</datafield>
<datafield tag="520" ind1=" " ind2=" ">
<subfield code="a">Este Trabajo Fin de Grado en primer lugar pretende analizar y estudiar de manera general las instalaciones solares térmicas para obtener agua caliente sanitaria. Posteriormente se centra en los sistemas de viviendas unifamiliares aisladas, tomando como ejemplo la Casa Solar de la ETSAV.&#xd;
La Casa Solar, también llamada Urcomante, tiene la peculiaridad de ser una vivienda eficiente, funcionando principalmente con energía solar. Esto permite conseguir un gran ahorro energético, ya que apenas se recurre a las energías no renovables.&#xd;
El estudio de la instalación está enfocado a la contribución solar que se consigue. Al tratarse de una vivienda eficiente energéticamente, se pretende obtener el máximo aporte solar posible, realizando para ello algunas mejoras en la instalación existente</subfield>
</datafield>
<datafield tag="024" ind2=" " ind1="8">
<subfield code="a">http://uvadoc.uva.es/handle/10324/14065</subfield>
</datafield>
<datafield ind1=" " ind2=" " tag="653">
<subfield code="a">Calefacción solar</subfield>
</datafield>
<datafield ind1=" " ind2=" " tag="653">
<subfield code="a">Instalaciones energéticas</subfield>
</datafield>
<datafield ind1=" " ind2=" " tag="653">
<subfield code="a">Agua caliente - Abastecimiento</subfield>
</datafield>
<datafield ind1=" " ind2=" " tag="653">
<subfield code="a">Eficiencia energética</subfield>
</datafield>
<datafield tag="245" ind1="0" ind2="0">
<subfield code="a">Optimización de los sistemas térmicos solares para viviendas unifamiliares aisladas. Estudio de la instalación solar térmica de la casa solar de la ETSAV y propuesta de mejoras</subfield>
</datafield>
</record></metadata></record></GetRecord></OAI-PMH>